Statistics for 3-Letter Scrabble Words that start with "O"

Click here to take the quiz!

General Stats

  • This quiz has been taken 228 times
  • The average score is 26 of 48

Answer Stats

Answer % Correct
oar
90%
oat
89%
oak
86%
oaf
84%
ode
84%
ore
80%
odd
76%
oil
73%
one
73%
owe
70%
off
69%
ole
69%
own
67%
out
66%
obe
66%
owl
66%
old
65%
obi
61%
orb
59%
ope
59%
our
58%
oba
58%
ort
58%
oft
54%
ohm
53%
opt
51%
orc
48%
oda
48%
oho
48%
ova
45%
ora
43%
ors
42%
oca
40%
oke
40%
ono
39%
ooh
37%
ose
37%
ops
35%
ons
35%
ods
32%
oka
30%
oxy
29%
ohs
27%
oxo
27%
oes
26%
oot
23%
oms
22%
oud
17%

Score Distribution

Percentile by Number Answered

Percent of People with Each Score

Your Score History

You have not taken this quiz